000
00319 a2200157 4500
001
64448
020
_a
8516039668
040
_c
Anchieta - Pituba
100
_a
Alencar, José de
240
1
0
_a
Lucíola
_l
por
245
1
0
_a
Lucíola
300
_a
119
362
0
_a
2004
650
4
_a
Ficção brasileira
942
_c
BK
999
_c
64448
_d
64448